Losowy symbol do pierwiastek - Statystyki

Ogólne statystyki
  • Ten quiz został rozwiązany 1 667 razy
  • Średni wynik to 10 z 20
Statystyki odpowiedzi
symbol nazwa % Poprawnych
Cl chlor
97%
Na sód
97%
O tlen
97%
S siarka
96%
H wodór
95%
P fosfor
94%
Fe żelazo
94%
Au złoto
93%
C węgiel
92%
K potas
91%
N azot
90%
Be beryl
89%
Zn cynk
89%
F fluor
89%
Mg magnez
89%
Li lit
88%
Se selen
88%
Br brom
87%
Hg rtęć
87%
Xe ksenon
86%
Cu miedź
85%
Ag srebro
84%
I jod
83%
Ni nikiel
83%
He hel
82%
Si krzem
81%
Al glin
80%
Ga gal
79%
Mn mangan
79%
Ba bar
78%
Cr chrom
78%
Pb ołów
78%
Ra rad
77%
Ca wapń
77%
Ar argon
76%
B bor
76%
Sn cyna
72%
U uran
71%
Po polon
70%
Ne neon
69%
V wanad
68%
Co kobalt
66%
Y itr
65%
Eu europ
63%
Cs cez
61%
Ge german
61%
In ind
61%
Pt platyna
60%
W wolfram
58%
Tl tal
57%
As arsen
56%
Ti tytan
56%
Mo molibden
55%
Rb rubid
55%
Fr frans
54%
Bi bizmut
53%
Cd kadm
53%
Os osm
53%
Nb niob
52%
Sr stront
52%
Kr krypton
51%
Es einstein
50%
Gd gadolin
50%
Pd pallad
50%
Te tellur
47%
Np neptun
46%
La lantan
45%
Ta tantal
42%
Bh bohr
41%
Re ren
41%
Sb antymon
40%
Th tor
39%
Am ameryk
38%
Zr cyrkon
37%
Ir iryd
37%
Pu pluton
37%
Lu lutet
36%
Rg roentgen
36%
Er erb
35%
No nobel
35%
Tc technet
35%
Rn radon
33%
Db dubn
32%
Ac aktyn
31%
Bk berkel
31%
Ho holm
31%
Nh nihon
31%
Sc skand
31%
Fm ferm
30%
Hs has
30%
Mc moskow
30%
Ds darmsztadt
29%
Hf hafn
29%
Mt meitner
29%
Og oganeson
29%
Yb iterb
28%
Rf rutherford
28%
Dy dysproz
27%
At astat
26%
Md mendelew
26%
Ru ruten
26%
Cn kopernik
25%
Cf kaliforn
24%
Nd neodym
24%
Pr prazeodym
24%
Sg seaborg
24%
Sm samar
20%
Fl flerow
19%
Rh rod
19%
Tb terb
19%
Ce cer
18%
Ts tenes
18%
Cm kiur
16%
Pa protaktyn
15%
Tm tul
15%
Lr lorens
14%
Pm promet
10%
Lv liwermor
8%
Nie znaleziono quizów pasujących do podanych kryteriów
Rozkład punktacji
Procent ludzi z każdym wynikiem
Percentyl według liczby udzielonych odpowiedzi
Twoja historia wyników
Nie rozwiązałeś tego quizu